00588nam a2200169 a 450000500170000000800410001702000180005805000300007624500440010625000220015026000480017230000130022044000340023365000120026799900190027995201200029820140412111227.0001117s19uu xx 00 eng d a0-15-330020-5 aTR(GS 428.6bHBJ L.3 1989 aMr. Fig /cBernice E. Cullinan, et. al. aTeacher's Edition aOrlando :bHarcout Brace Jovanovich,c1989. aT 215 p. aHBJ reading program, Level 3 aReading c102063d102063 001040aELbELcTRd2002-04-15eLib. Fundl0oTR(GS 428.6 HBJ L.3 1989pE0396r2014-04-12 00:00:00w2014-04-12yBK